Представление документа в формате RUSMARC

ПолеНазваниеЗначение
  Тип записи c
  Библиографический уровень m
001 Контрольный номер RU/УОНБ/EK_N/569160152
005 Дата корректировки 20250305170852.6
013 Номер (ISMN) __
d Цена 90 к.
071 Издательские номер (звукозапись и ноты) 21
a Номер, присвоенный агентством 8245
100 Данные общей обработки __
a Данные общей обработки 20180113d2018 u y0rusy0189||||ba
101 Язык документа 0_
a Язык текста ger
a Язык текста eng
f Язык титульного листа ger
102 Страна публикации __
a Страна публикации DE
105 Кодированные данные (монография) __
a Кодированные данные (монография) y###||||000|y
125 Кодированные данные звукозаписи и нотных изданий __
a Форма изложения нотного текста с|
128 Кодированные данные (звукозаписи-физические характеристики) __
a Кодированные данные: Музыкальная форма и тональность или лад zz
c Инструменты или голоса, рекомендуемые для солистов (устаревшее) ka||
200 Заглавие и сведения об ответственности 1_
a Заглавие Teil 1
b Общее обозначение материала Ноты
e Сведения, относящиеся к заглавию Op. 300
f Первые сведения об ответственности [предисл. авт.]
z Язык параллельного заглавия eng
210 Выходные данные 1_
d Дата издания Б. г.
215 Физическое описание __
a Объем 100 с.
461 Уровень набора _0
1 001RU/УОНБ/EK_N/569158880
1 200
a Praktische Klavierschule
b Ноты
d [Практическая школа фортепиано]
f Louis Kohler
f [Луи Кёлер]
g hrgb. Adolf Ruthardt
z eng
v Teil 1
1 210
a Leipzig
c C. F. Peters
d Б. г. -
1 225
a Edition Peters
v Nr. 1969a
512 Заглавие обложки 1_
a Заглавие обложки Praktische Klavierschule
517 Другие варианты заглавия 1_
a Другие варианты заглавия Practical Piano Method
600 Персоналии _1
a Персоналии (Фамилия) Kohler, Louis
606 Тематические рубрики 0_
a Основная рубрика Школы игры на фортепиано
610 Ключевые слова 0_
a Ключевые слова школы игры
610 Ключевые слова 0_
a Ключевые слова Kohler L.
686 Индексы других классификаций __
a Классификационный индекс 85.954.291(3)
2 Код системы rubbk
702 Вторичная интеллектуальная ответственность _1
a Фамилия Kohler
b Имя (инициалы) L.
4 Код отношения 080
801 Источник записи _0
a Страна RU
b Организация Ульяновская ОНБ
c Дата составления 20180113
g Правила каталогизации RCR
801 Источник записи _1
a Страна RU
b Организация Ульяновская ОНБ
c Дата составления 20180113
g Правила каталогизации RCR
901 Тип документа __
t Тип документа n
w Контрольный № источника RU/УОНБ/EK_N/569158880
909 Создатель записи __
a Создатель записи Грязнова И. Е.
910 Корректоры записи __
a Корректор записи Илямакова
938 Служебная информация __
a Имя БД noti
b Имя библиотеки УОНБ
c Имя АИБС МАРК-SQL
d Номер DOC_ID в БД 17524